| 000 | 00433cam a2200181ua 4500 | ||
|---|---|---|---|
| 020 | _cRs 15.00 | ||
| 041 |
_aeng _h |
||
| 082 |
_a620.1 _bBAR/EN |
||
| 100 | _aBarve, R S . | ||
| 245 |
_aEngineering mechanics / _cR S Barve. _hTextual Documents |
||
| 250 |
_a1 / _b. |
||
| 260 |
_aMumbai : _bB. I Publications , _c1965. |
||
| 300 | _a428 ; . | ||
| 365 | _aRs 15.00 | ||
| 504 | _a | ||
| 942 | _cBK | ||
| 999 |
_c2052 _d2052 |
||